Embraer E175 operators as of February 2025 - Statistics

General Stats
  • This quiz has been taken 18 times
  • The average score is 6 of 23
Answer Stats
Num. Airline % Correct
13 LOT
82%
25 Air Canada
64%
25 KLM Cityhopper
64%
1 Republic Airways
64%
Operating for American Eagle,Delta Connection, and United Express, 172 Republic Airways
64%
Operating forAlaska Horizon, 43 Horizon Air
55%
86 Alaska Airlines
36%
Operating for Alaska SkyWest,American Eagle, Delta Connection, and United Express, 241 SkyWest Airlines
36%
Operating forAir Canada, 25 Jazz Aviation
27%
Operating forUnited Express, 75 Mesa Airlines
27%
Operating for AmericanEagle, 114 Envoy Air
18%
2 Royal Jordanian
18%
1 Aeroitalia
9%
1 Belavia
9%
13 Fuji Dream Airlines
9%
4 Star Air
9%
1 Air Botswana
0%
1 Air Burkina
0%
3 Airlink
0%
2 BermudAir
0%
2 Marathon Airlines
0%
2 Mauritania Airlines
0%
2 Overland Airways
0%
No matching quizzes found
Score Distribution
Percent of People with Each Score
Percentile by Number Answered
Your Score History
You have not taken this quiz